000 00763nam a2200241Ia 4500
003 OSt
005 20220925225435.0
006 a|||||r|||| 00| 0
007 ta
008 220923b |||||||| |||| 00| 0 eng d
037 _cGeneral Book
040 _aRTL
_cRTL
_beng
041 _2eng
_aeng
082 _aYb4, N6
100 _aSchuman Howard
_9292422
245 0 _aQuestions and answers in attitude surveys
_b Experiments on question forms,wording and Context
260 _aLondon
_bSage Publication
_c1996
300 _axiv,372p
_ccm.
500 _aBibliography : P 351-362; Appendix : P 317-350
700 _a Presser Stanley
_9292423
942 _hYb4, N6
_cGB
_2CC
999 _c583508
_d583508